| 000 | 00558nam a22001937a 4500 | ||
|---|---|---|---|
| 005 | 20260209142609.0 | ||
| 008 | 260209b |||||||| |||| 00| 0 eng d | ||
| 020 | _a9789365891034 | ||
| 041 | _aeng | ||
| 082 |
_2New Delhi _aBPB Pub. _bKAN B22757 |
||
| 100 | _aKanetkar Y. | ||
| 245 |
_aLet Us Python: _bPython Is Future, Embrace It Fast Learn Python Quickly Through This Programmer-Friendly Guide _c7th Ed. |
||
| 250 | _a7th Ed. | ||
| 260 |
_aNew Delhi _bBPB Pub. _c2025 |
||
| 300 | _a548p | ||
| 500 | _aPython | ||
| 700 | _aKanetkar A. | ||
| 942 | _cBK | ||
| 999 |
_c370387 _d370387 |
||